[Event "EU Small Countries ol 8th"]
[Site "St Helier"]
[Date "2023.11.01"]
[Round "5.4"]
[White "Leardini, Mirko"]
[Black "Klerides, Paris"]
[Result "1-0"]
[WhiteElo "1587"]
[BlackElo "2060"]
[PlyCount "57"]
[EventDate "2023.10.29"]
[EventType "team-tourn"]
[EventRounds "9"]
[EventCountry "GCI"]
[SourceTitle "Mega2024 Update 01"]
[Source "Chessbase"]
[SourceDate "2023.11.12"]
[SourceVersion "1"]
[SourceVersionDate "2023.11.12"]
[SourceQuality "1"]
[WhiteTeam "San Marino"]
[BlackTeam "Cyprus"]
[WhiteTeamCountry "SMR"]
[BlackTeamCountry "CYP"]

1. e4 c5 2. Nc3 a6 3. d4 cxd4 4. Qxd4 d6 5. b3 Nf6 6. Bb2 e6 7. f3 Be7 8. 0-0-0 0-0 9. Kb1 b5 10. Bd3 Bb7 11. g4 Nc6 12. Qf2 Qc7 13. h4 Ne5 14. h5 Nxd3 15. cxd3 Nd7 16. f4 Rfc8 17. Nf3 d5 18. e5 Qa5 19. Ne2 Bc5 20. Ned4 Qb6 21. h6 g6 22. Rhf1 a5 23. a3 b4 24. a4 Ba6 25. Rfe1 Bf8 26. f5 Rc3 27. fxg6 Be7 28. Ng5 Rf8 29. Nxh7 1-0

[Event "EU Small Countries ol 8th"]
[Site "St Helier"]
[Date "2023.10.31"]
[Round "4.4"]
[White "Klerides, Paris"]
[Black "Morgan, Jamie"]
[Result "1-0"]
[WhiteElo "2060"]
[BlackElo "1774"]
[PlyCount "101"]
[EventDate "2023.10.29"]
[EventType "team-tourn"]
[EventRounds "9"]
[EventCountry "GCI"]
[SourceTitle "Mega2024 Update 01"]
[Source "Chessbase"]
[SourceDate "2023.11.12"]
[SourceVersion "1"]
[SourceVersionDate "2023.11.12"]
[SourceQuality "1"]
[WhiteTeam "Cyprus"]
[BlackTeam "Guernsey"]
[WhiteTeamCountry "CYP"]
[BlackTeamCountry "GCI"]

1. e4 c5 2. Nf3 g6 3. d4 cxd4 4. Nxd4 Nc6 5. Nc3 Bg7 6. Be3 Nf6 7. Bc4 0-0 8. Bb3 d6 9. f3 Bd7 10. h4 Nxd4 11. Bxd4 b5 12. h5 e6 13. hxg6 hxg6 14. Qd2 b4 15. Ne2 a5 16. g4 a4 17. Bc4 Qc7 18. Bd3 Rfc8 19. Qg5 e5 20. Be3 Kf8 21. Kf2 d5 22. Ng3 d4 23. Bd2 Rab8 24. Qh4 Ke7 25. Qg5 Kf8 26. b3 a3 27. Rh2 Qd8 28. Qh4 Ng8 29. Qh3 Rc6 30. Qf1 Rf6 31. g5 Rf4 32. Ne2 Qxg5 33. Nxf4 exf4 34. Qg1 Qxg1+ 35. Rxg1 Be5 36. Rg5 Bc7 37. Ke2 Be6 38. Rb5 Rxb5 39. Bxb5 Bd6 40. Kd3 g5 41. Kxd4 f6 42. Bc4 Kf7 43. Rh7+ Kg6 44. Rb7 Be5+ 45. Kd3 Bxc4+ 46. bxc4 Bc3 47. Bxc3 bxc3 48. c5 f5 49. Rb6+ Kf7 50. exf5 Ne7 51. Rb7 1-0

[Event "CYP-ch"]
[Site "Larnaca"]
[Date "2022.03.20"]
[Round "4"]
[White "Klerides, Paris"]
[Black "Theocharous, Vassilis"]
[Result "1-0"]
[WhiteElo "2085"]
[BlackElo "1345"]
[PlyCount "25"]
[EventDate "2022.03.12"]
[EventType "tourn"]
[EventRounds "11"]
[EventCountry "CYP"]
[SourceTitle "EXT 2023"]
[Source "ChessBase"]
[SourceDate "2022.10.05"]
[SourceVersion "1"]
[SourceVersionDate "2022.10.05"]
[SourceQuality "1"]

1. d4 Nf6 2. Nc3 d5 3. Bg5 Nbd7 4. Qd3 c5 5. dxc5 e6 6. 0-0-0 Nxc5 7. Qd4 Bd7 8. e4 Ncxe4 9. Nxe4 dxe4 10. Bxf6 gxf6 11. Qxe4 Qb6 12. Nf3 Be7 13. Qg4 1-0

[Event "CYP-ch"]
[Site "Larnaca"]
[Date "2022.03.19"]
[Round "3"]
[White "Antoniou, Rafail"]
[Black "Klerides, Paris"]
[Result "0-1"]
[WhiteElo "1681"]
[BlackElo "2085"]
[PlyCount "43"]
[EventDate "2022.03.12"]
[EventType "tourn"]
[EventRounds "11"]
[EventCountry "CYP"]
[SourceTitle "EXT 2023"]
[Source "ChessBase"]
[SourceDate "2022.10.05"]
[SourceVersion "1"]
[SourceVersionDate "2022.10.05"]
[SourceQuality "1"]

1. d4 Nf6 2. Nf3 g6 3. c4 Bg7 4. e3 d6 5. Be2 Nbd7 6. Nc3 e5 7. b4 0-0 8. 0-0 a5 9. b5 Re8 10. Bb2 exd4 11. exd4 Nb6 12. h3 d5 13. c5 Nc4 14. Bxc4 dxc4 15. Qa4 Be6 16. Rfe1 Qd7 17. Rad1 Bxh3 18. gxh3 Qxh3 19. Nh2 Ng4 20. Nxg4 Qxg4+ 21. Kh1 Bxd4 22. Qc2 0-1

[Event "EU Small Countries ol 7th"]
[Site "Sliema"]
[Date "2021.11.29"]
[Round "3.3"]
[White "Klerides, Paris"]
[Black "Farrugia, Jamie"]
[Result "1-0"]
[WhiteElo "2075"]
[BlackElo "1566"]
[PlyCount "51"]
[EventDate "2021.11.28"]
[EventType "team-tourn"]
[EventRounds "9"]
[EventCountry "MLT"]
[SourceTitle "CBM 205 Extra"]
[Source "ChessBase"]
[SourceDate "2022.01.31"]
[SourceVersion "1"]
[SourceVersionDate "2022.01.31"]
[SourceQuality "1"]
[WhiteTeam "Cyprus"]
[BlackTeam "ESNA Women"]
[WhiteTeamCountry "CYP"]
[BlackTeamCountry "NET"]

1. d4 d5 2. Nf3 Nf6 3. e3 Bg4 4. h3 Bh5 5. g4 Bg6 6. Ne5 Nbd7 7. h4 h6 8. Nxg6 fxg6 9. Bd3 e5 10. Bxg6+ Ke7 11. Nc3 c6 12. Bd2 Rc8 13. Qf3 Kd6 14. 0-0-0 Kc7 15. g5 Ng8 16. e4 exd4 17. Bf4+ Bd6 18. Bxd6+ Kxd6 19. Rxd4 Ne5 20. Qg3 Ne7 21. exd5 cxd5 22. Ne4+ Ke6 23. Qh3+ Nf5 24. Qxf5+ Ke7 25. Qxe5+ Kf8 26. Qf5+ 1-0

[Event "Online Olym Base C"]
[Site "Chess.com INT"]
[Date "2020.07.26"]
[Round "6.3"]
[White "Grant, Chester"]
[Black "Klerides, Paris"]
[Result "1/2-1/2"]
[WhiteElo "1209"]
[BlackElo "2081"]
[PlyCount "132"]
[EventDate "2020.07.25"]
[EventType "team-tourn (rapid)"]
[EventRounds "9"]
[EventCountry "USA"]
[SourceTitle "CBM 198"]
[Source "ChessBase"]
[SourceDate "2020.10.31"]
[SourceVersion "1"]
[SourceVersionDate "2020.10.31"]
[SourceQuality "1"]
[WhiteTeam "Antigua Barbuda"]
[BlackTeam "Cyprus"]
[WhiteTeamCountry "ANT"]
[BlackTeamCountry "CYP"]

1. d4 Nf6 2. Nf3 e6 3. e3 c5 4. b3 a6 5. Bb2 Be7 6. Bd3 b5 7. Nbd2 Qc7 8. c4 bxc4 9. Nxc4 cxd4 10. Bxd4 Bb4+ 11. Nfd2 d5 12. Ne5 Qa5 13. Nef3 Nbd7 14. 0-0 Bb7 15. Qe2 0-0 16. e4 Bxd2 17. Nxd2 dxe4 18. Nxe4 Nxe4 19. Bxe4 Bxe4 20. Qxe4 e5 21. Bb2 Rfe8 22. Rfe1 Rac8 23. Qg4 Qb5 24. Kh1 Rc2 25. Bd4 Qd5 26. Rad1 Rxa2 27. Be3 Nf6 28. Qc4 Qb7 29. Ra1 Rxa1 30. Rxa1 h5 31. Qxa6 Qxb3 32. Qa4 Qe6 33. Qa6 Qxa6 34. Rxa6 Ng4 35. Bb6 Rb8 36. g3 f5 37. h3 Nf6 38. Bc7 Re8 39. Ra5 Nd7 40. Rd5 Re7 41. Kg2 g6 42. Bd6 Re6 43. Bc7 Re7 44. Bd6 Re6 45. Bc7 Nf6 46. Rxe5 Rxe5 47. Bxe5 Nd7 48. Bc3 Kf7 49. h4 Ke6 50. Kf3 Nb6 51. Ba1 Nd5 52. Bb2 Nb4 53. Kf4 Nd3+ 54. Kg5 Nxb2 55. Kxg6 Nd3 56. Kxh5 Nxf2 57. Kg5 Ne4+ 58. Kf4 Nf6 59. Kg5 Ke5 60. h5 Ne4+ 61. Kg6 Ke6 62. h6 Nf6 63. Kg5 Ke5 64. Kg6 Ke6 65. Kg5 Ne4+ 66. Kg6 Nf6 1/2-1/2

[Event "Online Olym Base C"]
[Site "Chess.com INT"]
[Date "2020.07.26"]
[Round "5.3"]
[White "Klerides, Paris"]
[Black "Alkrnaf, Mohamed Othman"]
[Result "1-0"]
[WhiteElo "2081"]
[BlackElo "1852"]
[PlyCount "119"]
[EventDate "2020.07.25"]
[EventType "team-tourn (rapid)"]
[EventRounds "9"]
[EventCountry "USA"]
[SourceTitle "CBM 198"]
[Source "ChessBase"]
[SourceDate "2020.10.31"]
[SourceVersion "1"]
[SourceVersionDate "2020.10.31"]
[SourceQuality "1"]
[WhiteTeam "Cyprus"]
[BlackTeam "Libya"]
[WhiteTeamCountry "CYP"]
[BlackTeamCountry "LBY"]

1. e4 c5 2. Nf3 g6 3. d4 cxd4 4. Nxd4 Bg7 5. c4 Nc6 6. Be3 d6 7. Nc3 Nf6 8. Be2 0-0 9. 0-0 Nd7 10. h3 Nxd4 11. Bxd4 Bxd4 12. Qxd4 Qb6 13. Qd2 Nf6 14. Rad1 Be6 15. Kh2 Qc6 16. Nd5 Bxd5 17. exd5 Qb6 18. Bf3 Rac8 19. b3 Nd7 20. Bg4 f5 21. Be2 Nc5 22. Bf3 Nd7 23. Be2 Nc5 24. f3 Rcd8 25. Rfe1 Nd7 26. Bf1 Rf7 27. Qg5 Nf6 28. Rd2 Kg7 29. Bd3 h6 30. Qg3 Nh5 31. Qh4 Nf6 32. Rde2 g5 33. Qf2 Qxf2 34. Rxf2 Nd7 35. f4 gxf4 36. Rxf4 Ne5 37. Bc2 Rdf8 38. Ref1 Ng6 39. Rxf5 Rxf5 40. Rxf5 Rxf5 41. Bxf5 Ne5 42. Kg3 Kf6 43. Kf4 Nf7 44. g4 Ng5 45. h4 Nf7 46. Be6 Ne5 47. Bf5 Nf7 48. Be4 Ne5 49. g5+ hxg5+ 50. hxg5+ Kg7 51. c5 Ng6+ 52. Bxg6 Kxg6 53. c6 e5+ 54. Ke4 bxc6 55. dxc6 d5+ 56. Kxd5 Kf5 57. c7 e4 58. c8Q+ Kf4 59. Qf8+ Ke3 60. Qe7 1-0

[Event "Lympia Cyprus-ch op"]
[Site "Lympia"]
[Date "2020.01.26"]
[Round "7"]
[White "Karathymios, Konstantinos"]
[Black "Klerides, Paris"]
[Result "1/2-1/2"]
[WhiteElo "1531"]
[BlackElo "2140"]
[PlyCount "80"]
[EventDate "2020.01.05"]
[EventType "swiss"]
[EventRounds "9"]
[EventCountry "CYP"]
[SourceTitle "CBM 194 Extra"]
[Source "ChessBase"]
[SourceDate "2020.03.31"]
[SourceVersion "1"]
[SourceVersionDate "2020.03.31"]
[SourceQuality "1"]

1. Nf3 Nf6 2. c4 g6 3. g3 Bg7 4. Bg2 0-0 5. 0-0 d6 6. Nc3 e5 7. d4 Nbd7 8. e4 c6 9. Rb1 a5 10. h3 Re8 11. Be3 exd4 12. Nxd4 Nc5 13. Qc2 Nh5 14. Rbd1 Qe7 15. Rfe1 Bf6 16. Qd2 Qc7 17. g4 Ng7 18. Bf4 Be5 19. Nf3 Bxf4 20. Qxf4 Be6 21. b3 Red8 22. Ng5 Bc8 23. Re2 Nce6 24. Nxe6 fxe6 25. Red2 e5 26. Qe3 Ne6 27. Ne2 Rf8 28. Rd3 c5 29. Qd2 Nd4 30. f4 b6 31. f5 Qe7 32. Nc3 Bb7 33. Qh6 gxf5 34. gxf5 Kh8 35. Rg3 Rg8 36. Rdd3 Bc6 37. Rg4 Rxg4 38. hxg4 Qg7 39. Qh4 Rg8 40. Rh3 Ra8 1/2-1/2

[Event "Lympia Cyprus-ch op"]
[Site "Lympia"]
[Date "2020.01.11"]
[Round "2"]
[White "Klerides, Paris"]
[Black "Kourouyiannis, Fivos"]
[Result "1-0"]
[WhiteElo "2140"]
[BlackElo "1711"]
[PlyCount "85"]
[EventDate "2020.01.05"]
[EventType "swiss"]
[EventRounds "9"]
[EventCountry "CYP"]
[SourceTitle "CBM 194 Extra"]
[Source "ChessBase"]
[SourceDate "2020.03.31"]
[SourceVersion "1"]
[SourceVersionDate "2020.03.31"]
[SourceQuality "1"]

1. e4 d5 2. exd5 Nf6 3. c4 c6 4. dxc6 Nxc6 5. Nf3 e5 6. d3 Bg4 7. Be2 e4 8. dxe4 Qxd1+ 9. Bxd1 Nxe4 10. 0-0 0-0-0 11. h3 Be6 12. b3 Nb4 13. a3 Nd3 14. Be3 Bc5 15. Bxc5 Ndxc5 16. Bc2 f5 17. Ne5 Nd2 18. Nxd2 Rxd2 19. Rac1 Ne4 20. Nf3 Rd6 21. Rfe1 Nc5 22. b4 Ne4 23. Bxe4 fxe4 24. Rxe4 Bf5 25. Rd4 Ra6 26. Rc3 Rd8 27. c5 Rxd4 28. Nxd4 Bd7 29. f3 Ra4 30. c6 bxc6 31. Nxc6 Bxc6 32. Rxc6+ Kd7 33. Rc3 Ra6 34. Kf2 Re6 35. g4 g5 36. b5 a6 37. Rc5 h6 38. a4 axb5 39. axb5 Rd6 40. Kg3 Rf6 41. Rf5 Rd6 42. h4 gxh4+ 43. Kxh4 1-0

[Event "Lympia Cyprus-ch op"]
[Site "Lympia"]
[Date "2020.01.06"]
[Round "1"]
[White "Ioannides, Andreas"]
[Black "Klerides, Paris"]
[Result "0-1"]
[WhiteElo "1372"]
[BlackElo "2140"]
[PlyCount "70"]
[EventDate "2020.01.05"]
[EventType "swiss"]
[EventRounds "9"]
[EventCountry "CYP"]
[SourceTitle "CBM 194 Extra"]
[Source "ChessBase"]
[SourceDate "2020.03.31"]
[SourceVersion "1"]
[SourceVersionDate "2020.03.31"]
[SourceQuality "1"]

1. b4 Nf6 2. e3 e6 3. b5 d5 4. c4 c5 5. cxd5 exd5 6. Nf3 Bd6 7. a4 0-0 8. Ba3 Re8 9. d4 b6 10. Be2 Bb7 11. 0-0 Nbd7 12. Nc3 Rc8 13. Rc1 Qe7 14. h3 h6 15. Qd2 Ne4 16. Nxe4 dxe4 17. Ne1 f5 18. dxc5 Nxc5 19. Bc4+ Kh7 20. Bd5 Qe5 21. g3 Bxd5 22. Rd1 Bc4 23. Qxd6 Qxd6 24. Rxd6 Bxf1 25. Bxc5 Be2 26. Bb4 Rc4 27. Bd2 Rxa4 28. Ng2 Rc8 29. g4 fxg4 30. hxg4 Bxg4 31. Kh2 Rc5 32. Kg3 Bf3 33. Nh4 Rg5+ 34. Kh3 Ra1 35. Nxf3 exf3 0-1

[Event "Klaksvik ESNA 3rd"]
[Site "Klaksvik"]
[Date "2018.04.18"]
[Round "5"]
[White "Klerides, Paris"]
[Black "Belzo, Krzysztof"]
[Result "1-0"]
[WhiteElo "2183"]
[BlackElo "2103"]
[PlyCount "57"]
[EventDate "2018.04.14"]
[EventType "tourn"]
[EventRounds "9"]
[EventCountry "FAI"]
[SourceTitle "CBM 184 Extra"]
[Source "ChessBase"]
[SourceDate "2018.06.28"]
[SourceVersion "1"]
[SourceVersionDate "2018.06.28"]
[SourceQuality "1"]

1. e4 c5 2. Nf3 g6 3. d4 cxd4 4. Nxd4 Bg7 5. Nc3 Nc6 6. Be3 Nf6 7. Bc4 0-0 8. Bb3 d6 9. f3 Bd7 10. Qd2 Nxd4 11. Bxd4 b5 12. h4 h5 13. g4 e5 14. Be3 Be6 15. gxh5 Nxh5 16. 0-0-0 Bxb3 17. cxb3 b4 18. Nd5 a5 19. Kb1 Ra6 20. Rc1 Ra8 21. Bb6 Qd7 22. Rc7 Qb5 23. Be3 Kh7 24. Nb6 Rab8 25. Nc4 Rbd8 26. Ra7 d5 27. Rxa5 dxc4 28. Rxb5 Rxd2 29. Bxd2 1-0

[Event "EU Small Countries ol 5th"]
[Site "Andorra"]
[Date "2017.11.16"]
[Round "7.2"]
[White "Ribbegren, Karl Johan"]
[Black "Klerides, Paris"]
[Result "1-0"]
[WhiteElo "2252"]
[BlackElo "2189"]
[PlyCount "115"]
[EventDate "2017.11.12"]
[EventType "team-tourn"]
[EventRounds "9"]
[EventCountry "AND"]
[SourceTitle "CBM 181 Extra"]
[Source "ChessBase"]
[SourceDate "2017.12.12"]
[SourceVersion "1"]
[SourceVersionDate "2017.12.12"]
[SourceQuality "1"]
[WhiteTeam "Monaco"]
[BlackTeam "Cyprus"]
[WhiteTeamCountry "MNC"]
[BlackTeamCountry "CYP"]

1. d4 Nf6 2. Nf3 g6 3. Bg5 Bg7 4. Nbd2 0-0 5. c3 d6 6. e4 h6 7. Bh4 Nbd7 8. Be2 e5 9. dxe5 dxe5 10. 0-0 Qe7 11. Re1 a5 12. Qc2 g5 13. Bg3 Nh5 14. Nc4 Nxg3 15. hxg3 Qc5 16. Rad1 Nb6 17. Ne3 Be6 18. b3 Rfd8 19. Nf5 Bxf5 20. exf5 Nd5 21. Bc4 b5 22. Bxd5 Rxd5 23. Nd2 Rad8 24. Ne4 Qc6 25. Rxd5 Rxd5 26. Qe2 f6 27. f3 Bf8 28. Kh1 Kg7 29. Rd1 Qd7 30. Rxd5 Qxd5 31. c4 bxc4 32. Qxc4 Qxc4 33. bxc4 a4 34. Kg1 h5 35. Kf2 Kf7 36. Ke2 Be7 37. Kd3 Ke8 38. c5 Kd7 39. Kc4 Kc6 40. Kb4 a3 41. Kc4 g4 42. fxg4 hxg4 43. Nf2 Bxc5 44. Nxg4 Be7 45. Nf2 Kd7 46. Ne4 Bd8 47. g4 Be7 48. g5 fxg5 49. Kd5 Bd6 50. Nxg5 c6+ 51. Ke4 c5 52. Kd5 Ke7 53. Ne4 Bb8 54. Kxc5 Ba7+ 55. Kd5 Bd4 56. g4 Kf7 57. g5 Kg7 58. Ke6 1-0

[Event "EU Small Countries ol 5th"]
[Site "Andorra"]
[Date "2017.11.14"]
[Round "4.3"]
[White "Klerides, Paris"]
[Black "Hale, Andrew"]
[Result "1-0"]
[WhiteElo "2189"]
[BlackElo "1871"]
[PlyCount "81"]
[EventDate "2017.11.12"]
[EventType "team-tourn"]
[EventRounds "9"]
[EventCountry "AND"]
[SourceTitle "CBM 181 Extra"]
[Source "ChessBase"]
[SourceDate "2017.12.12"]
[SourceVersion "1"]
[SourceVersionDate "2017.12.12"]
[SourceQuality "1"]
[WhiteTeam "Cyprus"]
[BlackTeam "Guernsey"]
[WhiteTeamCountry "CYP"]
[BlackTeamCountry "GCI"]

1. e4 g6 2. d4 Bg7 3. Nc3 d6 4. f4 a6 5. Nf3 b5 6. Bd3 Nd7 7. a4 b4 8. Ne2 Bb7 9. 0-0 c5 10. c3 bxc3 11. bxc3 Nh6 12. a5 0-0 13. f5 d5 14. e5 gxf5 15. Bxh6 Bxh6 16. Bxf5 e6 17. Bxh7+ Kxh7 18. Qb1+ Kh8 19. Qxb7 c4 20. Ng3 Rg8 21. Qc6 Rg6 22. Rab1 Be3+ 23. Kh1 Qg8 24. Qxd7 Qh7 25. Ng5 Rxg5 26. Qxf7 Rg7 27. Qh5 Rxg3 28. Qxh7+ Kxh7 29. hxg3 Kg6 30. Rf4 Bxf4 31. gxf4 Kf5 32. Rb6 Ke4 33. Rxe6 Kd3 34. Rd6 Kxc3 35. Rxd5 Rc8 36. Rc5 Rh8+ 37. Kg1 Kxd4 38. Rc6 Kd3 39. e6 c3 40. f5 Rf8 41. e7 1-0

[Event "EU Small Countries ol 5th"]
[Site "Andorra"]
[Date "2017.11.13"]
[Round "2.2"]
[White "Klerides, Paris"]
[Black "Gengler, Pierre"]
[Result "1-0"]
[WhiteElo "2189"]
[BlackElo "2192"]
[PlyCount "61"]
[EventDate "2017.11.12"]
[EventType "team-tourn"]
[EventRounds "9"]
[EventCountry "AND"]
[SourceTitle "CBM 181 Extra"]
[Source "ChessBase"]
[SourceDate "2017.12.12"]
[SourceVersion "1"]
[SourceVersionDate "2017.12.12"]
[SourceQuality "1"]
[WhiteTeam "Cyprus"]
[BlackTeam "Luxembourg"]
[WhiteTeamCountry "CYP"]
[BlackTeamCountry "LUX"]

1. e4 c5 2. Nf3 Nc6 3. d4 cxd4 4. Nxd4 Nf6 5. Nc3 e5 6. Ndb5 d6 7. Bg5 a6 8. Na3 b5 9. Bxf6 gxf6 10. Nd5 f5 11. Bd3 Be6 12. 0-0 Bxd5 13. exd5 Ne7 14. Nxb5 Bg7 15. Nc3 0-0 16. Qh5 e4 17. Bc4 Qc8 18. Bb3 a5 19. a4 Bxc3 20. bxc3 f4 21. Rae1 f5 22. f3 Qxc3 23. fxe4 Qd4+ 24. Kh1 fxe4 25. Qg4+ Kh8 26. Qe6 f3 27. Qxe7 f2 28. Rxe4 Qd1 29. Bc4 Qxc2 30. Rg4 Qc3 31. Bd3 1-0

[Event "Liechtenstein op 32nd"]
[Site "Triesen"]
[Date "2014.05.31"]
[Round "9"]
[White "Cebalo, Miso"]
[Black "Klerides, Paris"]
[Result "1-0"]
[WhiteElo "2423"]
[BlackElo "2168"]
[PlyCount "79"]
[EventDate "2014.05.23"]
[EventType "swiss"]
[EventRounds "9"]
[EventCountry "LIE"]
[SourceTitle "CBM 160 Extra"]
[Source "ChessBase"]
[SourceDate "2014.07.01"]
[SourceVersion "1"]
[SourceVersionDate "2014.07.01"]
[SourceQuality "1"]

1. d4 Nf6 2. c4 g6 3. Nc3 Bg7 4. e4 d6 5. h3 0-0 6. Be3 e5 7. dxe5 dxe5 8. Nf3 c6 9. Be2 Na6 10. 0-0 Qc7 11. c5 Rd8 12. Qa4 b5 13. cxb6 axb6 14. Rac1 b5 15. Qc2 Qe7 16. b3 Bb7 17. a4 Rdc8 18. Qb1 b4 19. Nd1 c5 20. Nd2 Nb8 21. Nb2 Nfd7 22. Bb5 Nc6 23. Ndc4 Ba6 24. Bxc6 Rxc6 25. Rfd1 Nf8 26. Rd5 Rac8 27. Rcd1 Qc7 28. Qc2 Ne6 29. Rd7 Qb8 30. R1d5 Nd4 31. Qd1 R6c7 32. Bxd4 cxd4 33. Qf3 Rf8 34. Rxc7 Qxc7 35. Qd3 f5 36. exf5 gxf5 37. Qg3 Re8 38. Nd3 Bxc4 39. bxc4 Qxc4 40. Rd7 1-0

[Event "Liechtenstein op 32nd"]
[Site "Triesen"]
[Date "2014.05.24"]
[Round "2"]
[White "Kasparov, Sergey"]
[Black "Klerides, Paris"]
[Result "1-0"]
[WhiteElo "2480"]
[BlackElo "2168"]
[PlyCount "83"]
[EventDate "2014.05.23"]
[EventType "swiss"]
[EventRounds "9"]
[EventCountry "LIE"]
[SourceTitle "CBM 160 Extra"]
[Source "ChessBase"]
[SourceDate "2014.07.01"]
[SourceVersion "1"]
[SourceVersionDate "2014.07.01"]
[SourceQuality "1"]

1. e4 d5 2. exd5 Qxd5 3. Nf3 Bg4 4. Be2 Nc6 5. h3 Bxf3 6. Bxf3 Qe5+ 7. Qe2 Qxe2+ 8. Bxe2 0-0-0 9. 0-0 Nf6 10. c3 e6 11. d3 h6 12. Nd2 Ne5 13. d4 Ng6 14. Nf3 Bd6 15. g3 c5 16. Kg2 cxd4 17. Nxd4 Ne7 18. Rd1 a6 19. Bd2 Ne4 20. Be1 Kc7 21. Bd3 Nc5 22. Bc2 e5 23. Ne2 Nc6 24. b4 Ne6 25. a3 Be7 26. Bb3 Rxd1 27. Rxd1 Rd8 28. Rd2 Bg5 29. Rxd8 Ncxd8 30. h4 Be7 31. Bd2 a5 32. Be3 Kc6 33. h5 axb4 34. axb4 Bg5 35. f4 Bf6 36. Kf3 b5 37. Ke4 Kd6 38. Bd5 exf4 39. gxf4 Bh4 40. f5 Bg5 41. fxe6 f5+ 42. Kd3 1-0